00585nam a22001817a 450000500170000001000150001702000260003203500140005803700130007208200130008510000160009824500780011426000310019227000950022330000270031850000400034570000180038520161116150649.0 aENG-116567 a9789351436270c395.00 aEN-100099 bDBAD/PUB a345.5402 aBedi,Shruti aIndian Counter Terorism Law :cby Shruti Bedi ; Intrduction by A.K. Sikri aGurgaonbLexis Nexisc2016 a14th floor, Building no 10, tower-B, DLF Cyber City, Phase-II,bGurgaon (Haryana 0e122002 axxvii, 347pc23cm(Pbk) aIncludes bibliographical reference. a Sikri, A.K.